000 00521nam a22001577a 4500
003 NUST
038 _aNusrat Nadeem
082 _a200
100 _aAziz, Faiza
_9130496
245 _aParent-Child Interaction and Psychosocial Difficulties among Adolescents, A Dyadic Study/
_cFaiza Aziz,
264 _aIslamabad:
_bS3H NUST.
_c2025.
690 _aMS- Clinical Psychology
_9125310
700 _aSupervisor: Dr. Tamkeen Ashraf
_9125255
856 _uhttp://10.250.8.41:8080/xmlui/handle/123456789/54384
942 _2ddc
_cSC
999 _c614691
_d614691